The Brady Bunch Theme Song Lyrics - Statistics

General Stats
  • This quiz has been taken 52 times
  • The average score is 10 of 12
Answer Stats
Lyrics % Correct
It's the story, of a {man} {named} {Brady},
98%
Here's the story, of a {lovely} {lady},
95%
Who was busy with {three} {boys} of his own,
88%
The youngest one {in} {curls}.
86%
Yet they were {all} {alone}.
83%
And they knew that it was much more than a {hunch},
79%
That's the way we all became the {Brady} {Bunch}.
79%
Who was {bringing} {up} three very lovely girls.
79%
All of them had {hair} {of} {gold}, like their mother,
76%
They were four men, living {all} {together},
76%
Till the one day when the {lady} met this {fellow},
71%
That this group must somehow {form} {a} {family}.
60%
No matching quizzes found
Score Distribution
Percent of People with Each Score
Percentile by Number Answered
Your Score History
You have not taken this quiz